000 00479nam a2200181 a 4500
001 1754722624944
003 YourLibrary
005 20250809123356.0
008 250809s2009##################000#0#eng##
020 _a9780714849584
082 0 4 _a712.80904
_bPHA
100 1 _aPress, Editors of Phaidon,
_eauthor.
245 1 0 _aThe Contemporary Garden :
260 _bPhaidon Press,
_c2009.
650 0 _aGardening.
942 _cENGLISH
040 _aYourLibrary
_beng
_cYourLibrary
999 _c579636
_d579636